Les Ballons d'or (années en 8) - Statistiques

Statistiques générales
  • Ce quiz a été pris 73 fois
  • Le résultat moyen est 5 sur 6
Statistiques - réponses
Année Nationalité Ballon d'or % Correct
2008 Portugal Cristiano Ronaldo
100%
1998 France Zinédine Zidane
100%
1988 Pays-Bas Marco van Basten
91%
1958 France Raymond Kopa
90%
1968 Irlande du Nord George Best
84%
1978 Angleterre Kevin Keegan
57%
Aucun quiz correspondant
Distribution des résultats
% des personnes avec chaque résultat
Percentile par nombre de réponses
Votre historique - résultats
Vous n’avez pas pris ce quiz